Zdokonaľovanie bezpečnostnej dimenzie helsinského procesu: summit KBSE 1992.
Inovácia postupu účastníckych krajín helsinského procesu pri predchádzaní sporom, krízam a konfliktom, pri ich riešení a pri iných formách spolupráce v oblasti bezpečnosti na summite KBSE v júli 1992.
Na minha lista:
| Autor principal: | |
|---|---|
| Formato: | Capítulo de Livro |
| Idioma: | eslovaco |
| Assuntos: | |
| Tags: |
Sem tags, seja o primeiro a adicionar uma tag!
|
MARC
| LEADER | 00000naa a2200000 4500 | ||
|---|---|---|---|
| 001 | r013545 | ||
| 005 | 20220330122425.4 | ||
| 041 | 0 | |a slo | |
| 044 | |a SK | ||
| 245 | 1 | 0 | |a Zdokonaľovanie bezpečnostnej dimenzie helsinského procesu: summit KBSE 1992. |c Štefan Šebesta |
| 520 | |a Inovácia postupu účastníckych krajín helsinského procesu pri predchádzaní sporom, krízam a konfliktom, pri ich riešení a pri iných formách spolupráce v oblasti bezpečnosti na summite KBSE v júli 1992. | ||
| 610 | 2 | 0 | |a KBSE |
| 610 | 2 | 0 | |a 1992 |
| 610 | 2 | 0 | |a bezpečnosť európska |
| 100 | 1 | |a Šebesta, Štefan | |